¿Quién debe a quién? : deuda ecológica y deuda externa /

Este libro aborda el tema de la deuda ecológica. Según el autor, los países ricos no han hecho nada para reducir sus emisiones de gas, la deuda externa no ha dejado de aumentar en los últimos años y sus costos sociales y ambientales son grandes. El peso del pago de la deuda externa obliga a muchos p...

ver descrição completa

Na minha lista:
Detalhes bibliográficos
Autor principal: Oliveras, Arcadi (autor)
Outros Autores: Martínez Alier, Joan (autor) (autor)
Formato: Livro
Idioma:espanhol
Publicado em: Barcelona, España : Icaria, 2003, c2003
Colecção:(Más Madera : 20)
Assuntos:
Tags: Adicionar Tag
Sem tags, seja o primeiro a adicionar uma tag!

MARC

LEADER 00000nam^a2200000^a^4500
001 000153243
005 20250521000000.0
009 20260526124747.939
020 |a 84-7426-460-X 
037 |a Acervo ITESO - Biblioteca 
041 |a ESP 
082 |a 333. 7  |b OLI 
100 |a Oliveras, Arcadi  |e (autor) 
245 1 0 |a ¿Quién debe a quién? :  |b deuda ecológica y deuda externa /  |c A. Oliveras, J. Martínez Alier. 
264 4 |a Barcelona, España :  |b Icaria,  |c 2003, c2003 
300 |a 118 p. 
336 |a texto  |b txt  |2 rdacontenido 
337 |a sin mediación  |b n  |2 rdamedio 
338 |a volumen  |b nc  |2 rdasoporte 
440 1 |a (Más Madera :  |v 20) 
520 |a Este libro aborda el tema de la deuda ecológica. Según el autor, los países ricos no han hecho nada para reducir sus emisiones de gas, la deuda externa no ha dejado de aumentar en los últimos años y sus costos sociales y ambientales son grandes. El peso del pago de la deuda externa obliga a muchos países pobres a reducir sus gastos sociales y además implica una expoliación creciente de la naturaleza, en perjuicio de la supervivencia de la gente que directamente vive de los recursos naturales o que padece la creciente contaminación originada la extracción de petróleo y la exportación de minerales. El pago de la deuda aumenta pues la deuda ecológica: los acreedores son deudores, y los deudores son realmente acreedores, no sólo por la deuda del dióxido de carbono, sino también por el comercio ecológicamente desigual. 
649 |a XX 
650 |a Países Desarrollados 
650 |a Países Subdesarrollados 
650 |a Desarrollo Sustentable 
650 |a Cambio Climático 
650 |a Contaminación Ambiental 
650 |a Impacto Ambiental 
650 |a Política Ambiental 
650 |a Recursos Naturales 
650 |a Medio Ambiente 
650 |a Ecología 
650 |a Globalización 
650 |a Deuda Externa 
650 |a Comercio Internacional -  |x Aspectos Sociales y Culturales 
650 |a Comercio -  |x Aspectos Sociales y Culturales 
650 |a Economía Internacional -  |x Aspectos Sociales y Culturales 
650 |a Sociología de la Economía 
700 |a Martínez Alier, Joan  |e (autor) 
910 |a Fondo General 
920 |a Impresos - Libros 
930 |a Colección General 
905 |a 101 
901 |a 0500081922  |b IT1  |c ACC  |u 20250521 
902 |a https://opac.biblio.iteso.mx/vufind/Record/000153243